| 000 | 00702nmc a2200265 a 4500 | ||
|---|---|---|---|
| 003 | AR-BaBNM | ||
| 005 | 20251128204343.0 | ||
| 008 | 011101s1989 ||||||||||||||000 | spa|| | ||
| 020 | _a84-7509-531-3 | ||
| 040 | _cAR-BaBNM | ||
| 100 | 1 | _aKirk, Gordon | |
| 245 | 1 | 0 | _aEl currículum básico |
| 260 |
_aBarcelona _bPaidós _c1989 |
||
| 300 | 0 | _a119 p. | |
| 490 | 0 |
_aTemas de educación _vv. 14 |
|
| 650 | 4 | _aCURRICULO | |
| 650 | 4 | _aEVALUACION DEL PLAN DE ESTUDIOS | |
| 650 | 4 | _aORGANIZACION DE LA EDUCACION | |
| 650 | 4 | _aHISTORIA DE LA EDUCACION | |
| 650 | 4 | _aPOLITICA EDUCATIVA | |
| 653 | _aCONTENIDOS CURRICULARES | ||
| 653 | _aINVESTIGACION EDUCATIVA | ||
| 942 | _cBK | ||
| 998 | _cGrace | ||
| 999 |
_c7129 _d7129 |
||